Zespoły metalowe - Statystyki

Ogólne statystyki
  • Ten quiz został rozwiązany 379 razy
  • Średni wynik to 7 z 15
Statystyki odpowiedzi
Opis Zespół % Poprawnych
Uważany za jeden z najlepszych zespołów metalowych w historii, wydalitakie płyty jak: "Ride The Lighting" czy ".... And Justice for All". Metallica
94%
Prekursorzy Heavy Metalu, pierwszą płytę wydali w 1970 rokutak samo nazwaną jak ich zespół. Black Sabbath
86%
Jeden z najbardziej znanych Nu-metalowych zespołów,twórcy takich piosenek jak "One Step Closer" czy "What I've Done". Linkin Park
76%
Szwedzki zespół metalowy tworzący głównie piosenki historyczne takie jak "Winged Hussars" Sabaton
64%
Twierdzi się, że posiadał jeden z najpiękniejszych głosów w metalu,Skomponował takie utwory jak "Holy Diver" czy "Rainbow in The Dark". Dio
63%
Polski zespół metalowy na literę N, jedną z ich piosenek jest "Koń naBiałym Rycerzu" Nocny Kochanek
62%
Należy do tzw. Wielkiej Czwórki Thrash Metalu, w której skład wchodząMetallica, Slayer, Megadeth i ........... Anthrax
61%
Polski zespół Deathmetalowy założony w latach 90. Jednym z najbardziejrozpoznawalnych utworów tego zespołu jest "Bartzabel" Behemoth
57%
Ten zespół został założony przez braci Cavalera, skomponowali takieutwory jak: "Dead Embryonic Cells" czy "Roots Bloody Roots" Sepultura
56%
Na początku grali black metal, później viking metal, najbardziej znanymczłonkiem był Quorthon, który zmarł na atak serca w 2004 roku. Bathory
29%
Jeden z najważniejszych przedstawicieli nurtu New Wave of British HeavyMetal. Do ich najpopularniejszego utworu "Am I Evil" Metallica wykonała cover. Diamond Head
27%
Ich utwór "Balls to the wall" według magazynu WatchMojo jest jednym z najlepszych metalowych utworów Accept
26%
Brytyjski zespół Heavymetalowy, który w 1981 roku wydał album "Denimand Leather" Saxon
21%
W 1995 roku wydali ich najpopularniejszy album zatytułowany "Slaughterof The Soul" At The Gates
11%
Kanadyjski zespół znany głównie z napisania utworu "Metal on Metal" Anvil
8%
Nie znaleziono quizów pasujących do podanych kryteriów
Rozkład punktacji
Procent ludzi z każdym wynikiem
Percentyl według liczby udzielonych odpowiedzi
Twoja historia wyników
Nie rozwiązałeś tego quizu